000 00244nam a2200109Ia 4500
999 _c6561
_d6561
020 _a978-8126531196
100 _aDavid A. Decenzo
245 0 _aHuman Resource Management
260 _aLondon
_bAddision-Wesley
_c2002
300 _a460
942 _cBK